000 00248nam a2200097Ia 4500
001 703953
005 20250826162401.0
008 250824s9999 xx 000 0 und d
245 0 _aKÜÇÜK ÖZGÜR ADAMLAR
_cTERRY PRATCHETT
260 _bTUDEM YAYINLARI
999 _c703953
_d703953